[Event "Saarland-ch B 89th"]
[Site "Stennweiler"]
[Date "2014.04.16"]
[Round "6"]
[White "Holschuh, Luisa"]
[Black "Weinmann, Helene"]
[Result "0-1"]
[WhiteElo "1322"]
[BlackElo "1687"]
[PlyCount "64"]
[EventDate "2014.04.11"]
[EventType "swiss"]
[EventRounds "9"]
[EventCountry "GER"]
[SourceTitle "EXT 2016"]
[Source "ChessBase"]
[SourceDate "2015.10.10"]
[SourceVersion "1"]
[SourceVersionDate "2015.10.10"]
[SourceQuality "1"]

1. e4 e5 2. Nf3 Nc6 3. c3 Nf6 4. d4 exd4 5. e5 Nd5 6. cxd4 Bb4+ 7. Bd2 Bxd2+ 8.
Nbxd2 O-O 9. Bc4 Nf4 10. g3 Ng6 11. O-O d5 12. exd6 Qxd6 13. Ne4 Qd8 14. d5
Nce5 15. Nxe5 Nxe5 16. Bb3 Bh3 17. Re1 Bg4 18. Qc2 Nf3+ 19. Kf1 Nxe1 20. Rxe1
Bf5 21. Qd2 Bxe4 22. Rxe4 Qd6 23. Rd4 Rae8 24. Qd3 Qg6 25. Qc3 Qd6 26. Qd3 f5
27. Rf4 g6 28. Rh4 Re7 29. Rd4 Rfe8 30. f4 Kg7 31. Qb5 a6 32. Qxb7 c5 0-1

[Event "Saarland-ch B 89th"]
[Site "Stennweiler"]
[Date "2014.04.15"]
[Round "5"]
[White "Braun, Wilhelm"]
[Black "Hoerner, Marvin"]
[Result "1-0"]
[WhiteElo "1351"]
[BlackElo "1181"]
[PlyCount "93"]
[EventDate "2014.04.11"]
[EventType "swiss"]
[EventRounds "9"]
[EventCountry "GER"]
[SourceTitle "EXT 2016"]
[Source "ChessBase"]
[SourceDate "2015.10.10"]
[SourceVersion "1"]
[SourceVersionDate "2015.10.10"]
[SourceQuality "1"]

1. e4 e5 2. Nf3 Nc6 3. c3 Nf6 4. d3 Bc5 5. h3 O-O 6. Be2 d5 7. exd5 Nxd5 8. b4
Bd6 9. b5 Nce7 10. Na3 Nxc3 11. Qc2 Nxe2 12. Qxe2 Ng6 13. O-O Nf4 14. Bxf4 exf4
15. Nc4 Bb4 16. a3 Bc3 17. Rac1 Bf6 18. Qe4 a6 19. a4 axb5 20. axb5 Bd7 21. Rb1
c6 22. bxc6 Bxc6 23. Qxf4 Qxd3 24. Ne3 Qe4 25. Qxe4 Bxe4 26. Rb4 Bc6 27. Nd4
Bxd4 28. Rxd4 b5 29. Rfd1 h6 30. Nf5 Kh7 31. Rg4 g6 32. Ne3 Ra4 33. f4 b4 34.
Rd6 Ra6 35. f5 Rb8 36. fxg6+ fxg6 37. Rgxg6 Ra1+ 38. Kh2 Be4 39. Rxh6+ Kg7 40.
Rhe6 Bh7 41. Re7+ Kg8 42. Rdd7 b3 43. Rg7+ Kf8 44. Rxh7 Kg8 45. Rdg7+ Kf8 46.
Nf5 b2 47. Rh8# 1-0

[Event "Saarland-ch B 89th"]
[Site "Stennweiler"]
[Date "2014.04.15"]
[Round "5"]
[White "Holschuh, Luisa"]
[Black "Bollbach, Ullrich"]
[Result "1-0"]
[WhiteElo "1322"]
[BlackElo "1412"]
[PlyCount "71"]
[EventDate "2014.04.11"]
[EventType "swiss"]
[EventRounds "9"]
[EventCountry "GER"]
[SourceTitle "EXT 2016"]
[Source "ChessBase"]
[SourceDate "2015.10.10"]
[SourceVersion "1"]
[SourceVersionDate "2015.10.10"]
[SourceQuality "1"]

1. e4 e5 2. Nf3 Nc6 3. c3 d5 4. Qa4 Qd6 5. Bb5 Bd7 6. d4 exd4 7. exd5 Qxd5 8.
cxd4 Qe4+ 9. Be3 a6 10. Nbd2 Qd5 11. Bc4 Qf5 12. O-O b5 13. Bxf7+ Qxf7 14. Qc2
Bd6 15. Rfe1 Nge7 16. Ng5 Qh5 17. Ndf3 Qg6 18. Qe2 h6 19. Nh4 Qf6 20. Qh5+ g6
21. Ne4 Qe6 22. Nxd6+ Qxd6 23. Qd1 O-O-O 24. Rc1 Nf5 25. Nf3 Nxe3 26. Rxe3 Bg4
27. h3 Bxf3 28. Qxf3 Nxd4 29. Qa8+ Kd7 30. Qe4 Rhe8 31. Qg4+ Re6 32. Rxe6 Nf3+
33. gxf3 Qxe6 34. Rd1+ Ke7 35. Qxe6+ Kxe6 36. Rxd8 1-0

[Event "ROM-ch U10 Girls"]
[Site "Calimanesti"]
[Date "2014.04.13"]
[Round "9"]
[White "Hordila, Malina Teodora"]
[Black "Cismaru, Alexandra Nicola"]
[Result "1-0"]
[WhiteElo "1037"]
[BlackElo "1092"]
[PlyCount "129"]
[EventDate "2014.04.06"]
[EventType "swiss"]
[EventRounds "9"]
[EventCountry "ROU"]
[SourceTitle "CBM 160 Extra"]
[Source "ChessBase"]
[SourceDate "2014.07.01"]
[SourceVersion "1"]
[SourceVersionDate "2014.07.01"]
[SourceQuality "1"]

1. e4 e5 2. Nf3 Nc6 3. c3 Be7 4. d4 exd4 5. cxd4 Bb4+ 6. Nc3 Nf6 7. Bd3 O-O 8.
O-O Re8 9. Re1 h6 10. a3 Bf8 11. Qc2 d6 12. h3 Nh5 13. e5 Kh8 14. g4 Nf4 15.
Bxf4 d5 16. Bf5 Be6 17. Rad1 Qd7 18. Bxe6 Rxe6 19. Nh2 Rg6 20. Kf1 h5 21. Qf5
Qe7 22. Qxh5+ Kg8 23. Nxd5 Qd7 24. Nc3 Nxd4 25. Be3 c5 26. b4 b6 27. Nf3 Qb7
28. Nxd4 Qh1+ 29. Ke2 Qb7 30. Ndb5 Qc6 31. Qf5 a6 32. Nd6 Bxd6 33. exd6 Rxd6
34. bxc5 bxc5 35. Qxc5 Qxc5 36. Bxc5 Re8+ 37. Kf1 Rxe1+ 38. Rxe1 Rd3 39. Ne4
Rxh3 40. Kg2 Rd3 41. Re3 Rd5 42. Rb3 Re5 43. f3 Re6 44. Kf2 Rh6 45. Ke3 Re6 46.
Rb6 Re5 47. Rxa6 g6 48. Kd3 Rd5+ 49. Bd4 Rb5 50. a4 Rb3+ 51. Nc3 Rb4 52. a5 Rb7
53. Rb6 Ra7 54. a6 Rc7 55. Rb7 Rc6 56. a7 Kh7 57. Rxf7+ Kh6 58. a8=Q Kg5 59.
Be3+ Kh4 60. Qh8+ Kg3 61. Ne2+ Kg2 62. Qb2 Rd6+ 63. Nd4+ Kg3 64. Qf2+ Kh3 65.
Rh7# 1-0

[Event "ROM-ch U08"]
[Site "Calimanesti"]
[Date "2014.04.13"]
[Round "9"]
[White "Togan, Teodor Bogdan"]
[Black "Veress, Armand"]
[Result "1-0"]
[WhiteElo "1257"]
[BlackElo "1026"]
[PlyCount "143"]
[EventDate "2014.04.06"]
[EventType "swiss"]
[EventRounds "9"]
[EventCountry "ROU"]
[SourceTitle "CBM 160 Extra"]
[Source "ChessBase"]
[SourceDate "2014.07.01"]
[SourceVersion "1"]
[SourceVersionDate "2014.07.01"]
[SourceQuality "1"]

1. e4 e5 2. Nf3 Nc6 3. c3 f5 4. Bc4 Nf6 5. exf5 d5 6. Bb5 Bxf5 7. Nxe5 Qd6 8.
Bxc6+ bxc6 9. Qe2 Be7 10. O-O O-O 11. Nxc6 Ne4 12. Nxe7+ Qxe7 13. d3 Rae8 14.
dxe4 Qd6 15. f3 dxe4 16. Qc4+ Be6 17. Qxe4 Bd5 18. Qd4 c5 19. Qd1 c4 20. b3
Qc5+ 21. Kh1 Rf7 22. bxc4 Bxc4 23. Re1 Rxe1+ 24. Qxe1 Re7 25. Qg3 Qd5 26. Nd2
Qe6 27. h3 Qe2 28. Qb8+ Re8 29. Qxa7 Qe1+ 30. Qg1 Qg3 31. Ba3 Bd3 32. Bc5 Re2
33. Nf1 Qe5 34. Bd4 Qe6 35. Rd1 Qa6 36. Ra1 Qa3 37. Rd1 Bc2 38. Rd2 Rxd2 39.
Nxd2 Qxa2 40. Qe1 Ba4 41. Ne4 Qe6 42. Nf6+ Kf7 43. Qxe6+ Kxe6 44. Nxh7 Bc2 45.
Ng5+ Kf5 46. Ne4 g6 47. Kg1 Bd3 48. Kf2 Kf4 49. g3+ Kf5 50. Ke3 Bc4 51. g4+ Ke6
52. Kf4 Bb5 53. h4 Be8 54. c4 Kd7 55. Nf6+ Ke7 56. Nxe8 Kxe8 57. Ke5 Ke7 58. h5
gxh5 59. gxh5 Kf7 60. c5 Ke7 61. Be3 Kf7 62. Bh6 Kg8 63. Bg7 Kxg7 64. c6 Kh6
65. c7 Kxh5 66. c8=Q Kg6 67. Qf5+ Kg7 68. Qf6+ Kg8 69. f4 Kh7 70. Qg5 Kh8 71.
Kf6 Kh7 72. Qg7# 1-0

[Event "Fagernes Norsk op-B"]
[Site "Fagernes"]
[Date "2014.04.13"]
[Round "7"]
[White "Lien, Kjell Hakon"]
[Black "Dyrhaug, Sverre S"]
[Result "1-0"]
[WhiteElo "2050"]
[BlackElo "1574"]
[PlyCount "39"]
[EventDate "2014.04.13"]
[EventType "swiss"]
[EventRounds "9"]
[EventCountry "NOR"]
[SourceTitle "EXT 2016"]
[Source "ChessBase"]
[SourceDate "2015.10.10"]
[SourceVersion "1"]
[SourceVersionDate "2015.10.10"]
[SourceQuality "1"]

1. e4 e5 2. Nf3 Nc6 3. c3 Nf6 4. d4 exd4 5. e5 Ne4 6. Qe2 d5 7. exd6 d3 8.
Qxe4+ Be6 9. Bxd3 Qxd6 10. Bf4 Qd7 11. Nbd2 O-O-O 12. Bb5 Bd5 13. Qa4 Qe6+ 14.
Be3 Bc5 15. O-O-O Bxe3 16. fxe3 Qxe3 17. Rhe1 Qc5 18. Nb3 Qb6 19. c4 Bxf3 20.
c5 1-0

[Event "CRO-chT3B Center North"]
[Site "Croatia"]
[Date "2014.04.13"]
[Round "2.2"]
[White "Sardi, Darko"]
[Black "Srnec, Zoran"]
[Result "1-0"]
[WhiteElo "1930"]
[BlackElo "1763"]
[PlyCount "131"]
[EventDate "2014.04.06"]
[EventType "team-tourn"]
[EventRounds "9"]
[EventCountry "CRO"]
[SourceTitle "OM OTB B 201907"]
[Source "Opening Master"]
[SourceDate "2019.07.06"]
[SourceVersion "2"]
[SourceVersionDate "2019.07.06"]
[SourceQuality "1"]

1. e4 e5 2. Nf3 Nc6 3. c3 Nf6 4. d4 Nxe4 5. d5 Bc5 6. Be3 Bxe3 7. fxe3 Ne7 8.
Nxe5 O-O 9. Qd4 f5 10. Bc4 d6 11. Nf3 Ng6 12. O-O Qe7 13. Nbd2 Nxd2 14. Qxd2
Ne5 15. Bb3 b6 16. Nd4 Ng4 17. Rae1 Qe5 18. Nf3 Qe7 19. h3 Ba6 20. c4 Nf6 21.
Nd4 Ne4 22. Qd1 Bc8 23. Bc2 Bd7 24. Rf3 Qg5 25. Ref1 Rae8 26. Rf4 Ng3 27. R1f2
Re5 28. Nf3 Qh5 29. Nxe5 dxe5 30. R4f3 Qg5 31. Qe1 e4 32. Rf4 Nh5 33. Qd2 Nxf4
34. Rxf4 Rf6 35. b4 Qg3 36. Qf2 Qxf2+ 37. Rxf2 Kf7 38. c5 g5 39. g3 h5 40. Kg2
Ke7 41. Bb3 g4 42. h4 b5 43. a4 bxa4 44. Bc4 a3 45. c6 Bc8 46. Ra2 Kd6 47. Rxa3
Rf8 48. Rxa7 Rf6 49. Kf2 Rf8 50. Ke2 Rd8 51. Kd2 Ke5 52. Kc3 Rxd5 53. Bxd5 Kxd5
54. Ra5+ Kxc6 55. Kd4 Kd6 56. Rd5+ Ke6 57. Rd8 Bd7 58. Rh8 Bb5 59. Rxh5 Kf6 60.
Rh6+ Kg7 61. Re6 Kf7 62. Ke5 Kg7 63. Re7+ Kg6 64. Rxc7 Bd3 65. Rc6+ Kg7 66.
Kxf5 1-0

[Event "RB-2014-0-00245"]
[Site "Lechenicher SchachServer"]
[Date "2014.04.13"]
[Round "?"]
[White "Hatsek, Werner"]
[Black "Habes, Jiri"]
[Result "1-0"]
[WhiteElo "1887"]
[BlackElo "1717"]
[PlyCount "101"]
[EventDate "2014.02.13"]
[EventType "tourn"]
[EventRounds "6"]
[SourceTitle "OM Corr 202003"]
[Source "Opening Master"]
[SourceDate "2019.05.30"]
[SourceVersion "2"]
[SourceVersionDate "2019.05.30"]
[SourceQuality "1"]

1. e4 e5 2. Nf3 Nc6 3. c3 d5 4. Qa4 Bd7 5. exd5 Nd4 6. Qd1 Nxf3+ 7. Qxf3 Nf6 8.
Bc4 e4 9. Qe2 Bd6 10. d4 O-O 11. Bg5 Re8 12. O-O h6 13. Bh4 g5 14. Bg3 Bg4 15.
Qe3 Bh5 16. Bxd6 Qxd6 17. Qh3 Kg7 18. Na3 Bg4 19. Qg3 Bd7 20. Qxd6 cxd6 21. Bb3
a5 22. Nc4 Ra6 23. Ne3 b5 24. a4 Rb8 25. axb5 Bxb5 26. c4 Bd7 27. Ra3 Rb4 28.
Rfa1 a4 29. h3 g4 30. c5 Bb5 31. Bc2 gxh3 32. c6 Kf8 33. b3 hxg2 34. bxa4 Bf1
35. c7 Ra8 36. Rc3 Rc8 37. a5 Rb7 38. a6 Ra7 39. Rc6 Ne8 40. Bxe4 Bb5 41. Rb6
Bf1 42. Bxg2 Bxg2 43. Kxg2 Nxc7 44. Rxd6 Rca8 45. Rxh6 Rxa6 46. Rh8+ Kg7 47.
Rxa8 Rxa8 48. Rxa8 Nxa8 49. d6 Nb6 50. Nc4 Nd7 51. Ne5 1-0

[Event "SVK-ch U10"]
[Site "Stara Lubovna"]
[Date "2014.04.12"]
[Round "9"]
[White "Caban, Michal"]
[Black "Valigursky, Michal"]
[Result "0-1"]
[WhiteElo "1000"]
[BlackElo "1299"]
[PlyCount "26"]
[EventDate "2014.04.05"]
[EventType "swiss"]
[EventRounds "9"]
[EventCountry "SVK"]
[SourceTitle "EXT 2016"]
[Source "ChessBase"]
[SourceDate "2015.10.10"]
[SourceVersion "1"]
[SourceVersionDate "2015.10.10"]
[SourceQuality "1"]

1. e4 e5 2. Nf3 Nc6 3. c3 Nf6 4. d4 d6 5. dxe5 Nxe4 6. Bd3 Nc5 7. Bf4 Bg4 8.
O-O dxe5 9. Re1 Nxd3 10. Re3 Nxf4 11. Qxd8+ Rxd8 12. Nxe5 Rd1+ 13. Re1 Rxe1#
0-1

[Event "SVR-op"]
[Site "Heimbach Weis"]
[Date "2014.04.12"]
[Round "1"]
[White "Marx, Christina"]
[Black "Mueller, Georg"]
[Result "0-1"]
[WhiteElo "1573"]
[BlackElo "1878"]
[PlyCount "30"]
[EventDate "2014.04.11"]
[EventType "swiss"]
[EventRounds "7"]
[EventCountry "GER"]
[SourceTitle "CBM 160 Extra"]
[Source "ChessBase"]
[SourceDate "2014.07.01"]
[SourceVersion "1"]
[SourceVersionDate "2014.07.01"]
[SourceQuality "1"]

1. e4 e5 2. Nf3 Nc6 3. c3 d5 4. Bb5 dxe4 5. Nxe5 Qd5 6. Nxc6 Qxb5 7. Nd4 Qg5 8.
g3 Be7 9. h4 Qd5 10. Qe2 Bd7 11. f3 Nf6 12. d3 exd3 13. Qxd3 c5 14. Nd2 cxd4
15. Ne4 Bf5 0-1

[Event "ROM-ch U10 Girls"]
[Site "Calimanesti"]
[Date "2014.04.11"]
[Round "7"]
[White "Hordila, Malina Teodora"]
[Black "Coman, Ana Cristina"]
[Result "1-0"]
[WhiteElo "1037"]
[BlackElo "1258"]
[PlyCount "30"]
[EventDate "2014.04.06"]
[EventType "swiss"]
[EventRounds "9"]
[EventCountry "ROU"]
[SourceTitle "CBM 160 Extra"]
[Source "ChessBase"]
[SourceDate "2014.07.01"]
[SourceVersion "1"]
[SourceVersionDate "2014.07.01"]
[SourceQuality "1"]

1. e4 e5 2. Nf3 Nc6 3. c3 Nf6 4. d3 Bc5 5. Bg5 h6 6. Bh4 d6 7. d4 exd4 8. cxd4
Bb4+ 9. Nc3 Qe7 10. Bd3 Bg4 11. d5 Nd4 12. a3 Ba5 13. Qa4+ b5 14. Qxd4 c5 15.
Bxb5+ Bd7 1-0

[Event "SVK-ch U18 Girls"]
[Site "Stara Lubovna"]
[Date "2014.04.11"]
[Round "6"]
[White "Celustkova, Lubica"]
[Black "Gregusova, Katarina"]
[Result "0-1"]
[WhiteElo "1644"]
[BlackElo "1676"]
[PlyCount "114"]
[EventDate "2014.04.05"]
[EventType "tourn"]
[EventRounds "7"]
[EventCountry "SVK"]
[SourceTitle "EXT 2016"]
[Source "ChessBase"]
[SourceDate "2015.10.10"]
[SourceVersion "1"]
[SourceVersionDate "2015.10.10"]
[SourceQuality "1"]

1. e4 e5 2. Nf3 Nc6 3. c3 Nf6 4. d4 d6 5. Qc2 Be7 6. Be2 O-O 7. O-O Bd7 8. Rd1
exd4 9. Nxd4 Qc8 10. Nd2 Ne5 11. N2f3 Nxf3+ 12. Bxf3 Re8 13. Ne2 Bg4 14. Bxg4
Qxg4 15. f3 Qc8 16. Be3 Nd7 17. Ng3 Ne5 18. Qf2 a6 19. Nf5 Bf6 20. Qg3 Kh8 21.
Rd5 Qe6 22. Nd4 Qe7 23. Nf5 Qf8 24. Bg5 Bxg5 25. Qxg5 Ng6 26. Rad1 Re5 27. Rxe5
Nxe5 28. h4 Re8 29. Kh2 Re6 30. h5 h6 31. Qg3 Nd7 32. Nd4 Re5 33. Nf5 Nf6 34.
Qh3 Kh7 35. Kg1 Nxh5 36. Qh2 Nf6 37. Kf2 g6 38. Ne3 Rh5 39. Qg1 Qe8 40. Nd5 Qd8
41. Ke2 Nxd5 42. Rxd5 Rxd5 43. exd5 Qe8+ 44. Kd2 Qb5 45. Kc1 Qxd5 46. Kb1 Kg7
47. Qf1 g5 48. g3 Kg6 49. g4 f5 50. Qe2 Qe5 51. Qc4 d5 52. Qc5 fxg4 53. fxg4
Qe1+ 54. Kc2 Qe2+ 55. Kc1 Qxg4 56. Qxd5 Qf4+ 57. Kd1 Qd6 0-1

[Event "SVK-ch U10"]
[Site "Stara Lubovna"]
[Date "2014.04.10"]
[Round "7"]
[White "Gazik, Jakub"]
[Black "Valigursky, Michal"]
[Result "1-0"]
[WhiteElo "1469"]
[BlackElo "1299"]
[PlyCount "45"]
[EventDate "2014.04.05"]
[EventType "swiss"]
[EventRounds "9"]
[EventCountry "SVK"]
[SourceTitle "EXT 2016"]
[Source "ChessBase"]
[SourceDate "2015.10.10"]
[SourceVersion "1"]
[SourceVersionDate "2015.10.10"]
[SourceQuality "1"]

1. e4 e5 2. Nf3 Nc6 3. c3 d6 4. d4 Nf6 5. d5 Ne7 6. Bd3 Ng6 7. O-O Be7 8. c4
O-O 9. Nbd2 Nf4 10. Bc2 c6 11. Re1 Bg4 12. b3 N6h5 13. Nf1 Bh4 14. Ng3 Qd7 15.
Nxh5 Bxh5 16. Bxf4 exf4 17. Qd3 Be7 18. Nd4 Bg6 19. dxc6 bxc6 20. Nf5 Rad8 21.
Rad1 Rfe8 22. Qd4 a6 23. Qxg7# 1-0

[Event "ROM-ch U14 Girls"]
[Site "Calimanesti"]
[Date "2014.04.10"]
[Round "6"]
[White "Colonescu, Anna Diana"]
[Black "Stanciu, Andreea Briana"]
[Result "1/2-1/2"]
[WhiteElo "1487"]
[BlackElo "1775"]
[PlyCount "65"]
[EventDate "2014.04.06"]
[EventType "swiss"]
[EventRounds "9"]
[EventCountry "ROU"]
[SourceTitle "CBM 160 Extra"]
[Source "ChessBase"]
[SourceDate "2014.07.01"]
[SourceVersion "1"]
[SourceVersionDate "2014.07.01"]
[SourceQuality "1"]

1. e4 e5 2. Nf3 Nc6 3. c3 Nf6 4. d3 d6 5. d4 Bg4 6. Be2 Nxe4 7. d5 Bd7 8. dxc6
Bxc6 9. Nbd2 Nc5 10. Nb3 Ne6 11. Be3 Be7 12. Qc2 g6 13. Na5 Qd7 14. Qb3 O-O 15.
Nxc6 bxc6 16. Rd1 Bf6 17. Bh6 Rfe8 18. O-O Kh8 19. Rfe1 Rg8 20. Bc4 d5 21. Qa4
Nc5 22. Qa5 Nb7 23. Qa4 Nc5 24. Qa3 Qd6 25. Ng5 Bxg5 26. Bxg5 Kg7 27. Be3 Ne6
28. Qxd6 cxd6 29. Ba6 Rab8 30. Re2 e4 31. Rc2 f5 32. g3 g5 33. f4 1/2-1/2

[Event "SVK-ch U16 Girls"]
[Site "Stara Lubovna"]
[Date "2014.04.10"]
[Round "5"]
[White "Poliakova, Emma"]
[Black "Lazorova, Maria"]
[Result "1-0"]
[WhiteElo "1695"]
[BlackElo "1295"]
[PlyCount "109"]
[EventDate "2014.04.05"]
[EventType "tourn"]
[EventRounds "7"]
[EventCountry "SVK"]
[SourceTitle "EXT 2016"]
[Source "ChessBase"]
[SourceDate "2015.10.10"]
[SourceVersion "1"]
[SourceVersionDate "2015.10.10"]
[SourceQuality "1"]

1. e4 e5 2. Nf3 Nc6 3. c3 Nf6 4. d4 exd4 5. e5 Nd5 6. Qb3 Nb6 7. cxd4 Bb4+ 8.
Nc3 d5 9. Be2 a6 10. O-O Bf5 11. Qd1 O-O 12. h3 Qd7 13. Bd3 Bxd3 14. Qxd3 h6
15. Re1 Bxc3 16. Qxc3 Qe6 17. b3 f5 18. exf6 Qxf6 19. Ba3 Rf7 20. Re2 Nd7 21.
Rae1 Kh7 22. Re6 Qf4 23. Bc1 Qf5 24. Qd2 Raf8 25. Ba3 Nd8 26. R6e2 Rg8 27. Nh4
Qg5 28. Qd3+ g6 29. Be7 Nf6 30. Nf3 Qf5 31. Qxf5 gxf5 32. Nh4 Nh5 33. Bxd8 Rxd8
34. Re7 Rd7 35. Rxd7 Rxd7 36. Nxf5 Rf7 37. g4 Nf4 38. Kh2 Nd3 39. Re2 Nf4 40.
Rc2 c6 41. a4 Ne6 42. Kg3 h5 43. f3 hxg4 44. hxg4 Ng5 45. Rh2+ Kg8 46. Nh6+ Kg7
47. Nxf7 Nxf7 48. f4 Nd6 49. f5 Ne4+ 50. Kf4 c5 51. dxc5 Nxc5 52. Ke5 Nxb3 53.
Kxd5 Kf6 54. Rh6+ Kg7 55. g5 1-0

[Event "ZI-2014-0-01788"]
[Site "Lechenicher SchachServer"]
[Date "2014.04.10"]
[Round "?"]
[White "Zabransky, Frantisek"]
[Black "Tylecek, Drahomir"]
[Result "1/2-1/2"]
[WhiteElo "1769"]
[BlackElo "1999"]
[PlyCount "25"]
[EventDate "2014.04.03"]
[EventType "match"]
[EventRounds "2"]
[SourceTitle "OM Corr 202003"]
[Source "Opening Master"]
[SourceDate "2019.05.30"]
[SourceVersion "2"]
[SourceVersionDate "2019.05.30"]
[SourceQuality "1"]

1. e4 e5 2. Nf3 Nc6 3. c3 d5 4. Qa4 Qd6 5. Bb5 Nge7 6. exd5 Nxd5 7. O-O Bd7 8.
d4 exd4 9. Nxd4 Nb6 10. Qb3 Be7 11. Rd1 Nxd4 12. Rxd4 Qe6 13. Bxd7+ 1/2-1/2

[Event "ROM-ch U08"]
[Site "Calimanesti"]
[Date "2014.04.09"]
[Round "5"]
[White "Togan, Teodor Bogdan"]
[Black "Nechita, Bogdan Gabriel"]
[Result "1-0"]
[WhiteElo "1257"]
[BlackElo "1134"]
[PlyCount "81"]
[EventDate "2014.04.06"]
[EventType "swiss"]
[EventRounds "9"]
[EventCountry "ROU"]
[SourceTitle "CBM 160 Extra"]
[Source "ChessBase"]
[SourceDate "2014.07.01"]
[SourceVersion "1"]
[SourceVersionDate "2014.07.01"]
[SourceQuality "1"]

1. e4 e5 2. Nf3 Nc6 3. c3 d5 4. Bb5 f6 5. Qa4 Nge7 6. O-O Be6 7. d3 a6 8. Bxc6+
Nxc6 9. Rd1 Be7 10. Be3 O-O 11. Qc2 Qe8 12. Qb3 b6 13. exd5 Bf7 14. c4 Na5 15.
Qc2 Bd6 16. Nc3 Bh5 17. Qe2 f5 18. Bd2 Rf6 19. Re1 Bxf3 20. Qxf3 Nb7 21. Bf4
Nc5 22. Bg5 Rf8 23. b4 Nd7 24. a3 Qg6 25. Bd2 f4 26. Qe4 Qxe4 27. Nxe4 Rae8 28.
f3 Nf6 29. Nxf6+ Rxf6 30. d4 Rf7 31. c5 bxc5 32. dxc5 Bf8 33. Bc3 Rfe7 34. d6
cxd6 35. cxd6 Rd7 36. Bxe5 Bxd6 37. Rad1 Kf7 38. Kf1 g5 39. Bxd6 Rxe1+ 40. Kxe1
Ke6 41. Bc5 1-0

[Event "ROM-ch U08"]
[Site "Calimanesti"]
[Date "2014.04.09"]
[Round "4"]
[White "Teodorescu, Luca Nicolae"]
[Black "Togan, Teodor Bogdan"]
[Result "0-1"]
[WhiteElo "1080"]
[BlackElo "1257"]
[PlyCount "114"]
[EventDate "2014.04.06"]
[EventType "swiss"]
[EventRounds "9"]
[EventCountry "ROU"]
[SourceTitle "CBM 160 Extra"]
[Source "ChessBase"]
[SourceDate "2014.07.01"]
[SourceVersion "1"]
[SourceVersionDate "2014.07.01"]
[SourceQuality "1"]

1. e4 e5 2. Nf3 Nc6 3. c3 d5 4. d3 dxe4 5. dxe4 Qxd1+ 6. Kxd1 Nf6 7. Bc4 Bc5 8.
Rf1 O-O 9. b4 Bb6 10. b5 Na5 11. Ba3 Rd8+ 12. Bd5 Nxd5 13. exd5 Rxd5+ 14. Nbd2
Nc4 15. Bb4 Bg4 16. Kc2 Nxd2 17. Nxd2 Rxb5 18. Rab1 Bf5+ 19. Kc1 Bxb1 20. Nxb1
Rd5 21. c4 Rd4 22. Nd2 Re8 23. a3 c5 24. Bc3 Rg4 25. g3 Bc7 26. h3 Rg6 27. Nf3
Ra6 28. Kb2 e4 29. Ne1 Be5 30. Bxe5 Rxe5 31. Nc2 Rb6+ 32. Kc1 Rb3 33. Rd1 h6
34. Rd8+ Kh7 35. Rd7 f6 36. Ne3 Rxa3 37. Ng4 Re6 38. Rxb7 Rc3+ 39. Kd2 Rxc4 40.
Rxa7 Rd4+ 41. Kc3 Rd1 42. Ra5 Rh1 43. h4 f5 44. Ne3 f4 45. gxf4 Rxh4 46. f5 Rc6
47. Kd2 c4 48. Kc3 Rh2 49. f4 Rh3 50. Kd4 c3 51. Ra1 Rc8 52. Nc4 Rh4 53. Nd6
Rd8 54. Ke5 e3 55. Ra7 Kg8 56. f6 gxf6+ 57. Kxf6 Rxd6+ 0-1

[Event "SVK-ch U10"]
[Site "Stara Lubovna"]
[Date "2014.04.08"]
[Round "5"]
[White "Bobro, Jan"]
[Black "Vadila, Ondrej"]
[Result "1-0"]
[WhiteElo "1291"]
[BlackElo "1270"]
[PlyCount "77"]
[EventDate "2014.04.05"]
[EventType "swiss"]
[EventRounds "9"]
[EventCountry "SVK"]
[SourceTitle "EXT 2016"]
[Source "ChessBase"]
[SourceDate "2015.10.10"]
[SourceVersion "1"]
[SourceVersionDate "2015.10.10"]
[SourceQuality "1"]

1. e4 e5 2. Nf3 Nc6 3. c3 Nf6 4. d4 Nxe4 5. d5 Ne7 6. Nxe5 Ng6 7. Nxg6 hxg6 8.
Qe2 Qe7 9. Bf4 d6 10. c4 Nf6 11. Nc3 Bf5 12. Qxe7+ Bxe7 13. Rd1 O-O-O 14. Bd3
Bxd3 15. Rxd3 Nd7 16. O-O Nc5 17. Re3 Bf6 18. Rfe1 Bd4 19. Rf3 Rhe8 20. Kf1
Rxe1+ 21. Kxe1 Re8+ 22. Kd2 Bxc3+ 23. Kxc3 Ne4+ 24. Kc2 Nf6 25. Be3 a6 26. Bd4
Re4 27. Kd3 Rg4 28. g3 Kd7 29. Bxf6 gxf6 30. Rxf6 Ke7 31. Rf3 f5 32. Re3+ Kf6
33. f3 Rg5 34. Re6+ Kf7 35. b4 f4 36. g4 Re5 37. Rxe5 dxe5 38. g5 Ke7 39. Ke4
1-0

[Event "SVK-ch U08"]
[Site "Stara Lubovna"]
[Date "2014.04.08"]
[Round "5"]
[White "Balvan, Filip"]
[Black "Maurer, Filip"]
[Result "0-1"]
[WhiteElo "1000"]
[BlackElo "1056"]
[PlyCount "72"]
[EventDate "2014.04.05"]
[EventType "swiss"]
[EventRounds "9"]
[EventCountry "SVK"]
[SourceTitle "EXT 2016"]
[Source "ChessBase"]
[SourceDate "2015.10.10"]
[SourceVersion "1"]
[SourceVersionDate "2015.10.10"]
[SourceQuality "1"]

1. e4 e5 2. Nf3 Nc6 3. c3 d6 4. d4 exd4 5. cxd4 Bg4 6. Be2 Nf6 7. Nc3 Be7 8.
Ng5 Bxe2 9. Qxe2 Nxd4 10. Qc4 Ne6 11. Nxe6 fxe6 12. Qxe6 c6 13. O-O Nd7 14. Qg4
Ne5 15. Qxg7 Bf6 16. Qxb7 a5 17. f4 Rb8 18. Qa6 Ra8 19. Qe2 Ng6 20. f5 Bd4+ 21.
Be3 Bxe3+ 22. Qxe3 Ne5 23. Rad1 c5 24. Nb5 Ra6 25. Qh6 Nf7 26. Qe6+ Kf8 27.
Rfe1 Rg8 28. e5 Ng5 29. Qf6+ Qxf6 30. exf6 Kf7 31. h4 Nf3+ 32. Kf2 Nxe1 33.
Rxe1 Rb6 34. Nc3 Rxb2+ 35. Kf1 Rgxg2 36. Nd5 Rbf2# 0-1

[Event "ROM-ch U08"]
[Site "Calimanesti"]
[Date "2014.04.08"]
[Round "3"]
[White "Anghel, Iulian Mihai"]
[Black "Nicolae, Dan Stefan"]
[Result "1-0"]
[WhiteElo "1481"]
[BlackElo "1198"]
[PlyCount "62"]
[EventDate "2014.04.06"]
[EventType "swiss"]
[EventRounds "9"]
[EventCountry "ROU"]
[SourceTitle "CBM 160 Extra"]
[Source "ChessBase"]
[SourceDate "2014.07.01"]
[SourceVersion "1"]
[SourceVersionDate "2014.07.01"]
[SourceQuality "1"]

1. e4 e5 2. Nf3 Nc6 3. c3 Nf6 4. d3 h6 5. Be2 Be7 6. Be3 d6 7. Nbd2 Be6 8. O-O
O-O 9. d4 Qd7 10. d5 Bxd5 11. exd5 Nxd5 12. Nc4 Nxe3 13. Nxe3 Rad8 14. Qd2 a6
15. Rad1 b5 16. Bd3 b4 17. Bxa6 bxc3 18. bxc3 Nb8 19. Be2 Rfe8 20. Bc4 Rf8 21.
a4 Bf6 22. Rc1 Rfe8 23. a5 e4 24. Ne1 Re5 25. Qb2 c6 26. a6 d5 27. Be2 c5 28.
Qa2 Nc6 29. Bb5 Qc7 30. Nxd5 Qc8 31. Nxf6+ gxf6 1-0